Every Manchester United Goal Scorer in the 2014/15 Premier League - Statistics

General Stats
  • This quiz has been taken 31 times
    29 since last reset
  • The average score is 50 of 60
Answer Stats
Game Scorer % Correct
Swansea City (H) Rooney
100%
Queens Park Rangers (H) Rooney
100%
West Ham United (H) Rooney
100%
Arsenal (A) Rooney
100%
Hull City (H) Rooney
100%
Liverpool (H) Rooney
100%
Newcastle United (H) Rooney
100%
Newcastle United (H) Rooney
100%
Sunderland (H) Rooney
100%
Sunderland (H) Rooney
100%
Tottenham Hotspur (H) Rooney
100%
Aston Villa (H) Rooney
100%
Leicester City (A) van Persie
100%
West Ham United (H) van Persie
100%
Chelsea (H) van Persie
100%
Hull City (H) van Persie
100%
Southampton (A) van Persie
100%
Southampton (A) van Persie
100%
Liverpool (H) van Persie
100%
Newcastle United (H) van Persie
100%
Leicester City (H) van Persie
100%
Burnley (H) van Persie
100%
Sunderland (A) Mata
89%
Queens Park Rangers (H) Mata
89%
Crystal Palace (H) Mata
89%
Stoke City (H) Mata
89%
Liverpool (H) Mata
89%
Liverpool (A) Mata
89%
Liverpool (A) Mata
89%
Manchester City (H) Mata
89%
Crystal Palace (A) Mata
89%
Hull City (H) Smalling
89%
Burnley (H) Smalling
89%
Burnley (H) Smalling
89%
Manchester City (H) Smalling
89%
Queens Park Rangers (H) Herrera
79%
Leicester City (A) Herrera
79%
Swansea City (A) Herrera
79%
Aston Villa (H) Herrera
79%
Aston Villa (H) Herrera
79%
Arsenal (H) Herrera
79%
Tottenham Hotspur (H) Carrick
74%
Queens Park Rangers (H) Di Maria
74%
Leicester City (A) Di Maria
74%
Everton (H) Di Maria
74%
Everton (H) Falcao
68%
Aston Villa (A) Falcao
68%
Stoke City (A) Falcao
68%
Leicester City (H) Falcao
68%
Newcastle United (A) Young
68%
Manchester City (H) Young
68%
West Bromwich Albion (A) Fellaini
58%
Stoke City (H) Fellaini
58%
Queens Park Rangers (A) Fellaini
58%
Tottenham Hotspur (H) Fellaini
58%
Manchester City (H) Fellaini
58%
Crystal Palace (A) Fellaini
58%
West Bromwich Albion (A) Blind
53%
West Ham United (A) Blind
53%
Queens Park Rangers (A) Wilson
37%
No matching quizzes found
Score Distribution
Percent of People with Each Score
Percentile by Number Answered
Your Score History
You have not taken this quiz since the last reset